Jóvenes: entre el riesgo y la esperanza
Guardat en:
| Autor corporatiu: | , |
|---|---|
| Format: | Llibre |
| Idioma: | espanyol |
| Publicat: |
Santiago
Fundación Cardenal Raúl Silva Henríquez
2000
Santiago Universidad Católica Cardenal Raúl Silva Henríquez 2000 |
| Matèries: | |
| Etiquetes: |
Afegir etiqueta
Sense etiquetes, Sigues el primer a etiquetar aquest registre!
|
MARC
| LEADER | 00000nam a2200000 a 4500 | ||
|---|---|---|---|
| 001 | UCM7104 | ||
| 003 | CL-VaPUC | ||
| 008 | 021129e20000000cl |||||||||||||||||spa|d | ||
| 082 | 0 | 4 | |a 362.7083 |b FUN |2 21 |
| 110 | 2 | |a Fundación Cardenal Raúl Silva Henríquez |e author |9 472828 | |
| 710 | 2 | |a Universidad Católica Cardenal Raúl Silva Henríquez |e author |9 472829 | |
| 245 | 1 | 0 | |a Jóvenes: entre el riesgo y la esperanza |
| 300 | |a 96 p | ||
| 942 | |c BK | ||
| 945 | |d 20021129 00:00:00 |a cmena | ||
| 260 | |a Santiago |b Fundación Cardenal Raúl Silva Henríquez |c 2000 | ||
| 260 | |a Santiago |b Universidad Católica Cardenal Raúl Silva Henríquez |c 2000 | ||
| 650 | 0 | |a Juventud |9 271073 | |
| 650 | 0 | |a Problemas sociales |9 258537 | |
| 650 | 0 | |a Discriminación social |9 323032 | |
| 650 | 0 | |a Trabajo social |9 307856 | |
| 650 | 7 | |a POLITICAS DE GOBIERNO |2 CL-VaPUC |9 472830 | |
| 650 | 0 | |a Integración social |9 319662 | |
| 650 | 0 | |a Iglesia Católica |9 256114 | |
| 583 | |a last modification |c 20171011 01:19:30 |k Rodrigo Vera | ||
| 999 | |c 302139 |d 302137 | ||
| 952 | |0 0 |1 0 |4 0 |6 362_708300000000000_FUN_2000_2000 |7 0 |8 P |9 362190 |a BIBEDU |b BIBEDU |c BIBEDU_PB |d 2019-11-21 |i 3860396 |o 362.7083 FUN 2000 2000 |p 3860396 |r 2024-01-25 |w 2019-11-21 |y BK |k EPE | ||